Je kupónová privatizácia podvod?
Ohlasy na alternatívny návrh riešenia privatizácie v SR. Rozhovor s podpredsedníčkou vlády Brigitou Schmögnerovou o druhej vlne kupónovej privatizácie. Možnosti odštátnenia úspor vstupom na kapitálový trh, súkromné penzijné fondy. Hospodárenie Národnej poisťovne, štátny dlh. Súkromné pripoisťovacie...
Gespeichert in:
| 1. Verfasser: | |
|---|---|
| Weitere Verfasser: | |
| Format: | Buchkapitel |
| Sprache: | Slowakisch |
| Schlagworte: | |
| Tags: |
Keine Tags, Fügen Sie das erste Tag hinzu!
|
MARC
| LEADER | 00000naa a2200000 4500 | ||
|---|---|---|---|
| 001 | r016178 | ||
| 005 | 20221213113404.5 | ||
| 041 | 0 | |a slo | |
| 044 | |a SK | ||
| 245 | 1 | 0 | |a Je kupónová privatizácia podvod? |c Brigita Schmögnerová, M. Vančová |
| 520 | |a Ohlasy na alternatívny návrh riešenia privatizácie v SR. Rozhovor s podpredsedníčkou vlády Brigitou Schmögnerovou o druhej vlne kupónovej privatizácie. Možnosti odštátnenia úspor vstupom na kapitálový trh, súkromné penzijné fondy. Hospodárenie Národnej poisťovne, štátny dlh. Súkromné pripoisťovacie fondy, konkurencia. Trhová hodnota majetku štátnych podnikov, zahraniční investori. | ||
| 610 | 2 | 0 | |a privatizácia |
| 610 | 2 | 0 | |a privatizácia kupónová |
| 610 | 2 | 0 | |a Slovensko |
| 610 | 2 | 0 | |a Česko |
| 610 | 2 | 0 | |a vláda |
| 610 | 2 | 0 | |a trh kapitálový |
| 610 | 2 | 0 | |a fondy penzijné |
| 610 | 2 | 0 | |a Národná poisťovňa Bratislava |
| 610 | 2 | 0 | |a investície zo zahraničia |
| 610 | 2 | 0 | |a dlhy štátne |
| 610 | 2 | 0 | |a úspory |
| 610 | 2 | 0 | |a 1994 |
| 610 | 2 | 0 | |a poisťovne |
| 100 | 1 | |a Schmögnerová, Brigita | |
| 700 | 1 | |a Vančová, M. | |